[Event "Scarborough CC Fall Swiss U1700"]
[Site "Toronto"]
[Date "2007.11.15"]
[Round "3"]
[White "Xiao, Sai"]
[Black "Xia, Linda"]
[Result "0-1"]
[WhiteElo "1114"]
[BlackElo "1329"]
[PlyCount "150"]
[EventDate "2007.11.01"]
[EventType "swiss"]
[EventRounds "8"]
[EventCountry "CAN"]
[SourceTitle "EXT 2022"]
[Source "ChessBase"]
[SourceDate "2021.10.06"]
[SourceVersion "1"]
[SourceVersionDate "2021.10.06"]
[SourceQuality "1"]

1. e4 c5 2. d4 cxd4 3. Qxd4 Nc6 4. Qc3 e6 5. Qf3 Nf6 6. Nc3 Be7 7. Nh3 Qa5 8. Ng5 Ne5 9. Qe2 h6 10. Nf3 Ng6 11. h3 d6 12. Bd2 Qb6 13. b3 Nd7 14. Na4 Qc7 15. Qe3 Bf6 16. Rb1 Nc5 17. Bb5+ Bd7 18. Bxd7+ Nxd7 19. 0-0 0-0 20. Rbc1 b5 21. Nc3 a6 22. Ne2 Qb6 23. Qxb6 Nxb6 24. Be3 Nd7 25. c4 Nde5 26. Nxe5 Nxe5 27. cxb5 axb5 28. Rc2 Nd3 29. Rd2 Nc5 30. Bxc5 dxc5 31. Rc2 Rfc8 32. Rfc1 Be7 33. e5 Rd8 34. f4 g5 35. g3 Rd3 36. Rb1 gxf4 37. gxf4 Rxh3 38. Kg2 Rd3 39. Kf2 Bh4+ 40. Kg2 Rad8 41. Kh2 Rd2 42. Rg1+ Kh7 43. Rxd2 Rxd2 44. Rg2 Rxa2 45. Nc3 Rxg2+ 46. Kxg2 b4 47. Na4 Be7 48. Kf3 Kg6 49. Kg4 h5+ 50. Kg3 Kf5 51. Kf3 f6 52. exf6 Kxf6 53. Kg3 Kf5 54. Kf3 e5 55. fxe5 Kxe5 56. Kg3 Kd4 57. Kf4 h4 58. Kg4 Kd3 59. Nb6 Kc3 60. Nd5+ Kxb3 61. Nxe7 c4 62. Nd5 c3 63. Kxh4 c2 64. Nxb4 Kxb4 65. Kg4 c1Q 66. Kf5 Qe3 67. Kg4 Qf2 68. Kg5 Qf3 69. Kg6 Kc5 70. Kg7 Kd6 71. Kg6 Ke6 72. Kg7 Qf6+ 73. Kh7 Qg5 74. Kh8 Kf7 75. Kh7 Qg7# 0-1

[Event "Scarborough CC Fall Swiss U1700"]
[Site "Toronto"]
[Date "2007.11.01"]
[Round "1"]
[White "Roe, Jim"]
[Black "Xiao, Sai"]
[Result "1-0"]
[WhiteElo "1586"]
[BlackElo "906"]
[PlyCount "45"]
[EventDate "2007.11.01"]
[EventType "swiss"]
[EventRounds "8"]
[EventCountry "CAN"]
[SourceTitle "EXT 2022"]
[Source "ChessBase"]
[SourceDate "2021.10.06"]
[SourceVersion "1"]
[SourceVersionDate "2021.10.06"]
[SourceQuality "1"]

1. d4 d5 2. c4 Nf6 3. Nc3 e6 4. e3 Bb4 5. Nf3 Ne4 6. Qc2 dxc4 7. Bxc4 Bxc3+ 8. bxc3 Nc6 9. Qxe4 Qd6 10. a4 Na5 11. Ba3 Qd7 12. Bb5 c6 13. Bd3 f5 14. Qe5 b6 15. Bxf5 Qf7 16. Bg4 Rg8 17. Ng5 Qg6 18. Bxe6 Bxe6 19. Nxe6 Nc4 20. Nc7+ Kd8 21. Qe7+ Kc8 22. Nxa8 Qxg2 23. Qc7# 1-0